000 00343nam a2200145Ia 4500
003 OSt
005 20240110125756.0
008 170524s9999 xx 000 0 und d
020 _a9788179650677
040 _cIIMT UNIVERSITY
100 _aSHARMA - ARJUN
245 0 _aVYAVHARIK PATRAKARITA
260 _bN DELHI TAKSHSHILA
942 _2ddc
_c01
999 _c9282
_d9282